| 000 | 00470nam a2200181Ia 4500 | ||
|---|---|---|---|
| 003 | ARRUPE | ||
| 005 | 20150930153502.0 | ||
| 008 | 130303s9999 xx 000 0 und d | ||
| 040 | _cARRUPELIB | ||
| 050 | _aBV 5080.T44B52 1994 | ||
| 100 |
_aBielecki, Tessa _920005 |
||
| 245 |
_aHoly daring _cby Bielecki, Tessa |
||
| 260 |
_aMassechusetts _bElement _c1994 |
||
| 300 | _a127p. | ||
| 300 | _b 25cm. | ||
| 650 |
_bJesuits - Brothers _920006 |
||
| 942 |
_2lcc _cMONOGRAPH |
||
| 999 |
_c67647 _d67647 |
||